HCHS Proscenium Stage Curtains Quiz Stats

 Plays Quiz not verified by Sporcle

Challenge
Share
Tweet
Score 0/8 Timer 10:00
0 Plays Today
% Correct
Backdrop
100%
Borders
83.3%
Groundrow
83.3%
Tab
83.3%
Tormentor
83.3%
Grand Drape
83.3%
Teaser
83.3%
Leg
66.7%

You're not logged in!

Compare scores with friends on all Sporcle quizzes.
Join for Free
OR
Log In

You Might Also Like...

Show Comments

Extras

Created Jan 12, 2017ReportFavoriteNominate
Tags:stage

Top Quizzes Today


Score Distribution

Your Account Isn't Verified!

In order to create a playlist on Sporcle, you need to verify the email address you used during registration. Go to your Sporcle Settings to finish the process.

Report this User

Report this user for behavior that violates our Community Guidelines.

Details: